It looks like you're offline.
Open Library logo
additional options menu

MARC record from Internet Archive

LEADER: 00823cam a22002654a 45e0
001 274221
005 20030915142220.0
008 s2000 nju b 001 0 eng
010 $a 00037522
035 $a43790459
040 $aDLC$cDLC$dGZM$dUKM$dXIM
015 $aGBA0-67107
020 $a0130273635
042 $apcc
050 00 $aQA76.73.J38$bE25 2000
049 $aXIMM
100 1 $aEckel, Bruce.
245 10 $aThinking in Java /$cBruce Eckel.
250 $a2nd ed.
260 $aUpper Saddle River, NJ :$bPrentice Hall,$c2000.
300 $a1127 p. ;$c24 cm.,$e+1 computer laser optical discs (4 3/4 in.)
504 $aIncludes bibliographical references.
538 $aSystem requirements for computer disk: Microsoft Internet Explorer 4 or higher.
650 0 $aJava (Computer program language)
994 $aE0$bXIM